000 00408pab a2200169 454500
008 180718b2012 xxu||||| |||| 00| 0 eng d
100 _aShukla, Anamika
245 _aGlobalization: A threat to national cultural values
260 _c2012
300 _ap.3-8.
362 _a4 June
650 _aGlobalization
650 _aCultural values
773 _aUniversity News
908 _aN
909 _a96797
999 _c96797
_d96797